Objective IELTS : (Record no. 64002)

MARC details
000 -LEADER
fixed length control field 00988nam a22002177a 4500
005 - DATE AND TIME OF LATEST TRANSACTION
control field 20120313113843.0
010 ## - LCCN (DPL NO)
LC control number B-456392
020 ## - INTERNATIONAL STANDARD BOOK NUMBER
International Standard Book Number 9780521700528
Terms of availability 395.00
035 ## - SYSTEM CONTROL NUMBER
System control number B-456392
037 ## - SOURCE OF ACQUISITION
Source of stock number/acquisition Allioed Pub./ Ven
082 ## - DEWEY DECIMAL CLASSIFICATION NUMBER
Classification number 488.24076
100 ## - MAIN ENTRY--PERSONAL NAME
Personal name Black, Michael
245 ## - TITLE STATEMENT
Title Objective IELTS :
Remainder of title intermediate self-study student's book /
Statement of responsibility, etc by Michael Black [and] Wendy Sharp.
246 ## - VARYING FORM OF TITLE
Title proper/short title Cambridge objective IELTS
260 ## - PUBLICATION, DISTRIBUTION, ETC. (IMPRINT)
Place of publication, distribution, etc Cambridge
Name of publisher, distributor, etc Cambridge University Press
Date of publication, distribution, etc 2006
300 ## - PHYSICAL DESCRIPTION
Extent 208p.
Other physical details ill.
Dimensions 28 cm. (pbk) +
Accompanying material 1 CD-ROM
700 ## - ADDED ENTRY--PERSONAL NAME
Personal name Sharp, Wendy
9 (RLIN) 43753
942 ## - ADDED ENTRY ELEMENTS (KOHA)
Source of classification or shelving scheme Dewey Decimal Classification
Item type English Books
Classification part 488.24076
Call number suffix BLA
Holdings
Withdrawn status Lost status Not for loan Collection code Home library Current library Date acquired Source of acquisition Cost, normal purchase price Full call number Barcode Copy number Cost, replacement price Koha item type
    Not For Loan Non-fiction Central Library Central Library 28/03/2012 Allied Pub/1498/12.12.2011/Spl.P.Order/12.12.2011/03.02.2012 395.00 488.24076 BLA B-456392 1 395.00 English Books

© Delhi Public Library
Hit Counter
free hit counter